000 00708nam a2200289Ia 4500
001 9267
005 20240113234157.0
007 ta
008 050723s g b000 u eng u
040 _aCotton College,Assam
041 _aeng
082 _a820
_bM 642 P
100 _aMilton, John .
245 0 _aThe Prose Works of John Milton /
_cJohn Milton.
_hTextual Documents
250 _a1st ed. /
260 _aLondon :
_bG. Bell & Sons ,
_cnd.
300 _axl, 490p. ;
_c19cm.
653 _aEnglish Literature
653 _aG-English
942 _2ddc
_cBK
999 _c9254
_d9254